000
00276nam a2200109Ia 4500
001
1275899
005
20260417160437.0
008
260417s9999 xx 000 0 und d
020
_a
9786050676280
245
0
_a
Renkli Çoraplı Kuzgun
_c
Didem Demirel
260
_b
Ketebe Çocuk
999
_c
1275899
_d
1275899